[Event "Prague op 21st"]
[Site "Prague"]
[Date "2023.01.07"]
[Round "2"]
[White "Bolk, Matthias"]
[Black "Ivanov, Mike"]
[Result "1/2-1/2"]
[WhiteElo "2080"]
[BlackElo "2319"]
[PlyCount "117"]
[EventDate "2023.01.06"]
[EventType "swiss"]
[EventRounds "9"]
[EventCountry "CZE"]
[SourceTitle "CBM 212 Extra"]
[Source "ChessBase"]
[SourceDate "2023.03.31"]
[SourceVersion "1"]
[SourceVersionDate "2023.03.31"]
[SourceQuality "1"]

1. b4 c6 2. e3 Nf6 3. c4 a5 4. b5 cxb5 5. cxb5 d5 6. Nf3 Bg4 7. Bb2 Nbd7 8. h3 Bh5 9. Be2 a4 10. 0-0 e6 11. Ne5 Bxe2 12. Qxe2 a3 13. Bd4 Nxe5 14. Bxe5 Be7 15. d3 0-0 16. Rc1 Rc8 17. Nd2 Qb6 18. d4 Nd7 19. Nb3 Nxe5 20. dxe5 f6 21. Rxc8 Rxc8 22. exf6 Bxf6 23. Rc1 Rxc1+ 24. Nxc1 Qc5 25. Nb3 Qc3 26. b6 Qc6 27. e4 dxe4 28. Qh5 h6 29. Qc5 Qxc5 30. Nxc5 Bd4 31. Nxb7 e3 32. fxe3 Bxe3+ 33. Kf1 Bxb6 34. Ke2 Kf7 35. Nd6+ Kf6 36. Kf3 Ba5 37. Ke4 h5 38. Ne8+ Kf7 39. Nd6+ Kf6 40. Ne8+ Kf7 41. Nd6+ Ke7 42. Nc4 Bb4 43. Ke5 h4 44. Ke4 Bd6 45. Kd4 Kd7 46. Kc3 Bc5 47. Kb3 Kc6 48. Nxa3 Kd5 49. Nc2 e5 50. Kc3 Ke4 51. Kd2 Kf4 52. Ke2 g5 53. a4 Bb6 54. Nb4 Ke4 55. Nc6 Kd5 56. Ne7+ Ke6 57. Nc6 Kd5 58. Ne7+ Ke6 59. Nc6 1/2-1/2

[Event "Berlin Cup op"]
[Site "Berlin"]
[Date "2019.09.12"]
[Round "3"]
[White "Windmueller, Werner"]
[Black "Bolk, Matthias"]
[Result "0-1"]
[WhiteElo "1540"]
[BlackElo "2002"]
[PlyCount "69"]
[EventDate "2019.08.29"]
[EventType "swiss"]
[EventRounds "4"]
[EventCountry "GER"]
[SourceTitle "EXT 2021"]
[Source "ChessBase"]
[SourceDate "2020.10.23"]
[SourceVersion "1"]
[SourceVersionDate "2020.10.23"]
[SourceQuality "1"]

1. d4 g6 2. c4 Bg7 3. Nc3 d6 4. e4 Nc6 5. Be3 e5 6. d5 Nce7 7. Bd3 Nh6 8. h3 f5 9. f3 0-0 10. Qd2 f4 11. Bf2 g5 12. a3 a5 13. a4 b6 14. Nge2 Rf6 15. 0-0-0 Bd7 16. Kb1 Nf7 17. Rc1 Qb8 18. Ka1 Nd8 19. Rb1 Nb7 20. Rhc1 Bf8 21. b3 Nc5 22. Bc2 Ng6 23. Rg1 Be7 24. Nc1 Kf7 25. N1e2 Nh4 26. Bxh4 gxh4 27. Rbd1 Qb7 28. Qe1 Rg6 29. Ka2 Rag8 30. Qf2 R8g7 31. Rd2 Qc8 32. Nc1 Qg8 33. g4 hxg3 34. Qg2 Rh6 35. Rh1 0-1

[Event "Berlin Cup op"]
[Site "Berlin"]
[Date "2019.09.05"]
[Round "2"]
[White "Bolk, Matthias"]
[Black "Gebigke, Martin"]
[Result "0-1"]
[WhiteElo "2002"]
[BlackElo "2016"]
[PlyCount "58"]
[EventDate "2019.08.29"]
[EventType "swiss"]
[EventRounds "4"]
[EventCountry "GER"]
[SourceTitle "EXT 2021"]
[Source "ChessBase"]
[SourceDate "2020.10.23"]
[SourceVersion "1"]
[SourceVersionDate "2020.10.23"]
[SourceQuality "1"]

1. b4 d5 2. Bb2 Qd6 3. a3 e5 4. e3 Nf6 5. c4 c6 6. Nf3 Nbd7 7. cxd5 cxd5 8. Qa4 e4 9. Nd4 Qb8 10. d3 Bd6 11. dxe4 Nxe4 12. Nc3 Nxc3 13. Bxc3 0-0 14. Be2 Nf6 15. Nb3 Ne4 16. Bd4 Be6 17. 0-0 f6 18. Rac1 Qd8 19. Rfd1 Qe7 20. Bb2 f5 21. g3 Kh8 22. Bf1 a6 23. Qa5 Rad8 24. Qb6 Bg8 25. Bg2 Rd7 26. Qd4 Qe8 27. b5 a5 28. b6 Qh5 29. Qa4 Re7 0-1

[Event "Berlin Lichtenrade op 14th"]
[Site "Berlin"]
[Date "2018.11.02"]
[Round "7"]
[White "Niehaus, Frank"]
[Black "Bolk, Matthias"]
[Result "1/2-1/2"]
[WhiteElo "2195"]
[BlackElo "2080"]
[PlyCount "128"]
[EventDate "2018.10.27"]
[EventType "swiss"]
[EventRounds "9"]
[EventCountry "GER"]
[SourceTitle "CBM 187 Extra"]
[Source "ChessBase"]
[SourceDate "2018.11.04"]
[SourceVersion "1"]
[SourceVersionDate "2018.11.04"]
[SourceQuality "1"]

1. f4 g6 2. Nf3 Bg7 3. e3 c5 4. d4 cxd4 5. exd4 d5 6. Bd3 Bg4 7. c3 Nc6 8. 0-0 e6 9. h3 Bxf3 10. Qxf3 Nge7 11. Be3 Qb6 12. Na3 a6 13. Rab1 Qc7 14. Bf2 h5 15. Bh4 Nf5 16. Bxf5 gxf5 17. Nc2 Bf8 18. c4 Ne7 19. Ne3 dxc4 20. Rbc1 Qc6 21. Qxc6+ bxc6 22. Nxc4 Bg7 23. Nd6+ Kf8 24. Bf2 Rd8 25. Nb7 Rb8 26. Na5 Rxb2 27. Nxc6 Nd5 28. Rb1 Rxb1 29. Rxb1 Bf6 30. Nb4 Nxf4 31. Nxa6 Kg7 32. Nc7 Ne2+ 33. Kf1 Nxd4 34. Rb7 Kg6 35. a4 Nc6 36. Bb6 Bc3 37. Nb5 Ba5 38. Bxa5 Nxa5 39. Ra7 Nc6 40. Rc7 Na5 41. Ra7 Nc4 42. Rc7 Nb2 43. a5 Ra8 44. Ra7 Rb8 45. Nd6 Nd3 46. Nxf7 Rb2 47. Rd7 Nc5 48. Rc7 Nd3 49. a6 Rf2+ 50. Kg1 Ra2 51. a7 f4 52. Nd6 Ra1+ 53. Kh2 Ra2 54. Kg1 Ra1+ 55. Kh2 h4 56. Nb5 Nf2 57. g3 hxg3+ 58. Kg2 Ne4 59. Rc1 Ra2+ 60. Kf3 Kf5 61. Nd4+ Ke5 62. Nc6+ Kf5 63. Nd4+ Ke5 64. Nc6+ Kf5 1/2-1/2

[Event "Berlin Lichtenrade op 14th"]
[Site "Berlin"]
[Date "2018.11.01"]
[Round "6"]
[White "Glantz, Robert"]
[Black "Bolk, Matthias"]
[Result "1-0"]
[WhiteElo "2285"]
[BlackElo "2080"]
[PlyCount "83"]
[EventDate "2018.10.27"]
[EventType "swiss"]
[EventRounds "9"]
[EventCountry "GER"]
[SourceTitle "CBM 187 Extra"]
[Source "ChessBase"]
[SourceDate "2018.11.04"]
[SourceVersion "1"]
[SourceVersionDate "2018.11.04"]
[SourceQuality "1"]

1. e4 g6 2. d4 Bg7 3. Nc3 d6 4. h3 a6 5. g4 b5 6. Bg2 Bb7 7. a3 Nd7 8. Nge2 c5 9. Be3 e6 10. 0-0 Ne7 11. Qd2 cxd4 12. Bxd4 Ne5 13. b3 0-0 14. Kh1 Qc7 15. f4 N5c6 16. Bxg7 Kxg7 17. f5 Ng8 18. Rad1 Rad8 19. Nf4 Qe7 20. Nce2 Ne5 21. Nd4 exf5 22. exf5 Bxg2+ 23. Qxg2 h6 24. fxg6 fxg6 25. Nfe6+ Kh8 26. Nxf8 Rxf8 27. Nc6 Rxf1+ 28. Rxf1 Nxc6 29. Qxc6 Qe3 30. Qf3 Qd2 31. Qd3 Qxd3 32. cxd3 Kg7 33. Kg2 Nf6 34. Kf3 Kf7 35. Ke3 Ke6 36. Kd4 g5 37. Rc1 h5 38. Re1+ Kf7 39. gxh5 Nxh5 40. Re3 Nf4 41. h4 Ne6+ 42. Rxe6 1-0

[Event "Berlin Werner Ott op"]
[Site "Berlin"]
[Date "2017.07.21"]
[Round "7"]
[White "Di Candia, Roberto"]
[Black "Bolk, Matthias"]
[Result "0-1"]
[WhiteElo "1900"]
[BlackElo "2081"]
[PlyCount "76"]
[EventDate "2017.07.15"]
[EventType "swiss"]
[EventRounds "9"]
[EventCountry "GER"]
[SourceTitle "EXT 2019"]
[Source "ChessBase"]
[SourceDate "2018.10.10"]
[SourceVersion "1"]
[SourceVersionDate "2018.10.10"]
[SourceQuality "1"]

1. e4 c5 2. Nf3 d6 3. Bc4 Nc6 4. 0-0 g6 5. Re1 Bg7 6. c3 e6 7. Bb3 Nge7 8. d3 0-0 9. Nbd2 b5 10. Nf1 a5 11. a3 Bb7 12. Ng3 b4 13. d4 cxd4 14. cxd4 Nc8 15. Bg5 Qd7 16. a4 Nb6 17. d5 Ne5 18. Nxe5 Bxe5 19. dxe6 fxe6 20. Qg4 Rae8 21. Be3 Nc8 22. Rad1 Kh8 23. Bd4 Bxd4 24. Rxd4 Qg7 25. Red1 Qe5 26. Ne2 Ba6 27. g3 h5 28. Qxg6 Bxe2 29. Qh6+ Kg8 30. Qg6+ Qg7 31. Bxe6+ Kh8 32. Qxg7+ Kxg7 33. R1d2 Bf3 34. Bd5 Nb6 35. Bc6 Rc8 36. Rxd6 Nc4 37. Rd7+ Kh8 38. R2d6 Nxd6 0-1

[Event "Berlin Lichtenrade op 12th"]
[Site "Berlin"]
[Date "2016.10.28"]
[Round "7"]
[White "Bolk, Matthias"]
[Black "Lange, Cecilia"]
[Result "1/2-1/2"]
[WhiteElo "2078"]
[BlackElo "1854"]
[PlyCount "64"]
[EventDate "2016.10.22"]
[EventType "swiss"]
[EventRounds "9"]
[EventCountry "GER"]
[SourceTitle "EXT 2018"]
[Source "ChessBase"]
[SourceDate "2017.10.13"]
[SourceVersion "1"]
[SourceVersionDate "2017.10.13"]
[SourceQuality "1"]

1. e4 e6 2. d4 d5 3. e5 c5 4. c3 Nc6 5. Nf3 Bd7 6. Be2 Nge7 7. 0-0 Nf5 8. g4 Nh4 9. Nxh4 Qxh4 10. Be3 cxd4 11. cxd4 Be7 12. f4 0-0 13. Nc3 f6 14. exf6 Qxf6 15. Qd2 Rac8 16. Rae1 Be8 17. f5 Qf7 18. Bf3 Bd7 19. fxe6 Bxe6 20. Bxd5 Qg6 21. Rxf8+ Rxf8 22. Bxe6+ Qxe6 23. d5 Qxg4+ 24. Qg2 Ne5 25. Qxg4 Nxg4 26. Bxa7 Bd6 27. h3 Ne5 28. Re2 Nf3+ 29. Kg2 Nh4+ 30. Kg1 Nf3+ 31. Kg2 Nh4+ 32. Kg1 Nf3+ 1/2-1/2

[Event "Berlin Lichtenrade op 12th"]
[Site "Berlin"]
[Date "2016.10.23"]
[Round "2"]
[White "Bolk, Matthias"]
[Black "Stefansson, Hannes"]
[Result "0-1"]
[WhiteElo "2078"]
[BlackElo "2571"]
[PlyCount "38"]
[EventDate "2016.10.22"]
[EventType "swiss"]
[EventRounds "9"]
[EventCountry "GER"]
[SourceTitle "EXT 2018"]
[Source "ChessBase"]
[SourceDate "2017.10.13"]
[SourceVersion "1"]
[SourceVersionDate "2017.10.13"]
[SourceQuality "1"]

1. e4 e6 2. d4 d5 3. Nc3 Nf6 4. e5 Nfd7 5. f4 c5 6. Nf3 Nc6 7. Be3 Be7 8. Qd2 0-0 9. 0-0-0 c4 10. g4 b5 11. Nxb5 Rb8 12. Nd6 Bxd6 13. exd6 Nf6 14. Ne5 Nb4 15. Kb1 Ne4 16. Qe1 c3 17. b3 Nxa2 18. Rd3 Nb4 19. Rxc3 Qa5 0-1

[Event "Berlin Lichtenrade op 11th"]
[Site "Berlin"]
[Date "2015.11.01"]
[Round "9"]
[White "Bolk, Matthias"]
[Black "Kutschke, Jens"]
[Result "1/2-1/2"]
[WhiteElo "2087"]
[BlackElo "2005"]
[PlyCount "49"]
[EventDate "2015.10.24"]
[EventType "swiss"]
[EventRounds "9"]
[EventCountry "GER"]
[SourceTitle "CBM 169 Extra"]
[Source "ChessBase"]
[SourceDate "2015.12.18"]
[SourceVersion "1"]
[SourceVersionDate "2015.12.18"]
[SourceQuality "1"]

1. e4 e6 2. d4 d5 3. e5 c5 4. c3 Nc6 5. Nf3 Qb6 6. a3 c4 7. Nbd2 Na5 8. g3 f6 9. exf6 Nxf6 10. Bh3 Bd6 11. 0-0 0-0 12. Re1 Bc7 13. Ne5 Nb3 14. Nxb3 Qxb3 15. Qxb3 cxb3 16. f3 Re8 17. a4 Nd7 18. Ra3 Bxe5 19. dxe5 Nc5 20. Bf1 Bd7 21. a5 b6 22. Be3 Rab8 23. Rea1 Bc6 24. Be2 Rec8 25. Bd4 1/2-1/2

[Event "Berlin Lichtenrade op 11th"]
[Site "Berlin"]
[Date "2015.10.31"]
[Round "8"]
[White "Bruedigam, Martin"]
[Black "Bolk, Matthias"]
[Result "1-0"]
[WhiteElo "2375"]
[BlackElo "2087"]
[PlyCount "113"]
[EventDate "2015.10.24"]
[EventType "swiss"]
[EventRounds "9"]
[EventCountry "GER"]
[SourceTitle "CBM 169 Extra"]
[Source "ChessBase"]
[SourceDate "2015.12.18"]
[SourceVersion "1"]
[SourceVersionDate "2015.12.18"]
[SourceQuality "1"]

1. e4 c5 2. Nf3 d6 3. Bb5+ Nd7 4. d4 cxd4 5. Qxd4 a6 6. Bxd7+ Bxd7 7. c4 h6 8. 0-0 e5 9. Qd3 Nf6 10. Nc3 Be7 11. a4 0-0 12. Be3 Ng4 13. Nd5 Nxe3 14. Nxe3 Be6 15. Rfd1 Rc8 16. b3 g6 17. Nd5 Bxd5 18. Qxd5 Qc7 19. Nd2 Qc6 20. Nf1 Qxd5 21. Rxd5 f5 22. Rad1 f4 23. Nd2 Rc5 24. Kf1 Kf7 25. Ke2 Ke6 26. b4 Rxd5 27. exd5+ Kd7 28. f3 Rc8 29. Kd3 b6 30. Ne4 Rc7 31. Ra1 Rb7 32. Rb1 Rb8 33. Rb2 Rb7 34. Rb3 Rb8 35. Kc2 Rc8 36. Kd3 Rb8 37. Rb2 Rb7 38. h3 Rb8 39. Kc3 Rc8 40. Ra2 Rc7 41. Kb3 Rb7 42. a5 b5 43. Rc2 bxc4+ 44. Rxc4 Rc7 45. b5 Rb7 46. b6 h5 47. Rc6 Bf8 48. Kc2 Be7 49. Kd3 Bf8 50. Ke2 Be7 51. Nc3 Bd8 52. Na2 Rb8 53. Nb4 Ra8 54. Kd3 Ke7 55. Nxa6 Rxa6 56. b7 Rxc6 57. dxc6 1-0

[Event "Berlin Lichtenrade op 11th"]
[Site "Berlin"]
[Date "2015.10.30"]
[Round "7"]
[White "Bolk, Matthias"]
[Black "Hahlbohm, Matthias"]
[Result "1-0"]
[WhiteElo "2087"]
[BlackElo "2065"]
[PlyCount "133"]
[EventDate "2015.10.24"]
[EventType "swiss"]
[EventRounds "9"]
[EventCountry "GER"]
[SourceTitle "CBM 169 Extra"]
[Source "ChessBase"]
[SourceDate "2015.12.18"]
[SourceVersion "1"]
[SourceVersionDate "2015.12.18"]
[SourceQuality "1"]

1. e4 c5 2. Nc3 Nc6 3. Bb5 e6 4. Bxc6 bxc6 5. d3 d5 6. f4 Nf6 7. Nf3 Ba6 8. e5 Nd7 9. b3 Be7 10. 0-0 Nb6 11. Ba3 g6 12. Qd2 Qd7 13. Rfd1 Qc7 14. Qf2 Nd7 15. Na4 Qa5 16. c4 0-0 17. Rac1 Rfc8 18. cxd5 cxd5 19. d4 Rc7 20. Qd2 Qb5 21. dxc5 Rac8 22. Nd4 Qb8 23. Qa5 Bb7 24. Nb5 Rc6 25. Qxa7 Qa8 26. Qxa8 Bxa8 27. Na7 R8c7 28. Nxc6 Bxc6 29. Nb6 Nb8 30. b4 Kf8 31. Bb2 Ra7 32. a3 Na6 33. Nc8 Ra8 34. Nxe7 Kxe7 35. Kf2 Kd7 36. g4 Nc7 37. h4 Ba4 38. Rd3 Bb5 39. c6+ Ke7 40. Rd2 Ra6 41. Rdc2 Kd8 42. Rc5 Kc8 43. Ke3 Ra8 44. Kd4 Be2 45. g5 Bb5 46. Rxb5 Nxb5+ 47. Kc5 Nc7 48. Rb1 Rb8 49. Bc3 Nb5 50. Bb2 Nc7 51. h5 Rb5+ 52. Kd4 Rb6 53. hxg6 hxg6 54. Rc1 Kd8 55. Rc2 Kc8 56. Bc1 Kd8 57. Bd2 Ra6 58. Bc1 Rb6 59. Rc5 Nb5+ 60. Rxb5 Rxb5 61. Bd2 Kc7 62. a4 Rb8 63. Kc5 Ra8 64. a5 d4 65. b5 Rd8 66. b6+ Kc8 67. c7 1-0

[Event "Berlin Kreuzberg op"]
[Site "Berlin"]
[Date "2015.07.15"]
[Round "5"]
[White "Bolk, Matthias"]
[Black "Schnoor, Ekkehard"]
[Result "0-1"]
[WhiteElo "2062"]
[BlackElo "2141"]
[PlyCount "48"]
[EventDate "2015.07.11"]
[EventType "swiss"]
[EventRounds "9"]
[EventCountry "GER"]
[SourceTitle "CBM 167 Extra"]
[Source "ChessBase"]
[SourceDate "2015.09.14"]
[SourceVersion "1"]
[SourceVersionDate "2015.09.14"]
[SourceQuality "1"]

1. e4 c5 2. b4 cxb4 3. a3 d5 4. exd5 Qxd5 5. Nf3 e5 6. Bb2 Nc6 7. axb4 Bxb4 8. Na3 Bxa3 9. Rxa3 Nge7 10. Qa1 f6 11. Ra4 b5 12. Qa2 bxa4 13. Bc4 Qe4+ 14. Kd1 Bg4 15. Re1 Bxf3+ 16. gxf3 Qxf3+ 17. Kc1 0-0-0 18. Qxa4 Qxf2 19. Rd1 Qb6 20. Bc3 Kc7 21. d3 Rb8 22. h4 Rhd8 23. h5 Nd5 24. Bd2 Qb1# 0-1

[Event "Berlin Lichtenrade op 10th"]
[Site "Berlin"]
[Date "2014.10.20"]
[Round "3"]
[White "Perunovic, Milos"]
[Black "Bolk, Matthias"]
[Result "1-0"]
[WhiteElo "2620"]
[BlackElo "2095"]
[PlyCount "71"]
[EventDate "2014.10.18"]
[EventType "swiss"]
[EventRounds "9"]
[EventCountry "GER"]
[SourceTitle "EXT 2015"]
[Source "ChessBase"]
[SourceDate "2014.11.20"]
[SourceVersion "1"]
[SourceVersionDate "2014.11.20"]
[SourceQuality "1"]

1. e4 c5 2. Nf3 d6 3. d4 cxd4 4. Nxd4 Nf6 5. Nc3 g6 6. Be3 Bg7 7. f3 Nc6 8. Qd2 Bd7 9. 0-0-0 h5 10. h3 Rc8 11. Kb1 h4 12. Nxc6 bxc6 13. Bc4 Qa5 14. Rhe1 Rb8 15. Bb3 c5 16. e5 dxe5 17. Ne4 Qxd2 18. Rxd2 Nxe4 19. fxe4 Bc6 20. Bxc5 a5 21. Bd5 Bxd5 22. Rxd5 e6 23. Rd6 Bf8 24. Rb6 Rxb6 25. Bxb6 a4 26. Rd1 Be7 27. c4 f5 28. c5 Kf7 29. c6 Rc8 30. c7 Ke8 31. b4 axb3 32. axb3 fxe4 33. Rd8+ Bxd8 34. cxd8Q+ Rxd8 35. Bxd8 Kxd8 36. Kc2 1-0

[Event "Berlin Spring op-A"]
[Site "Berlin"]
[Date "2014.05.03"]
[Round "6"]
[White "Bolk, Matthias"]
[Black "Lichey, Dustin"]
[Result "0-1"]
[WhiteElo "2085"]
[BlackElo "1976"]
[PlyCount "76"]
[EventDate "2014.05.01"]
[EventType "swiss"]
[EventRounds "7"]
[EventCountry "GER"]
[SourceTitle "CBM 160 Extra"]
[Source "ChessBase"]
[SourceDate "2014.07.01"]
[SourceVersion "1"]
[SourceVersionDate "2014.07.01"]
[SourceQuality "1"]

1. e4 c5 2. Nc3 Nc6 3. f4 e6 4. Nf3 a6 5. Qe2 Be7 6. d3 d5 7. g3 d4 8. Nd1 b5 9. Bg2 Bb7 10. 0-0 h5 11. Nf2 Nf6 12. h3 Qc7 13. Bd2 e5 14. Rae1 Bd6 15. c3 dxc3 16. Bxc3 0-0 17. f5 Rfe8 18. Nd1 Nd4 19. Bxd4 exd4 20. e5 Bxf3 21. Qxf3 Bxe5 22. g4 hxg4 23. hxg4 Bh2+ 24. Kh1 Qg3 25. Qxg3 Bxg3 26. Bxa8 Rxe1 27. Rxe1 Bxe1 28. Bf3 Nd7 29. Kg2 Ne5 30. Be2 c4 31. dxc4 bxc4 32. Nf2 c3 33. bxc3 dxc3 34. Bd1 Bxf2 35. Kxf2 Nxg4+ 36. Ke2 Kf8 37. Bc2 Ne5 38. Bb3 Ke7 0-1